000
00334nam a2200157Ia 4500
100
_a
Dutt/J
650
_a
Electrical Engineering
942
_c
BK
654
_a
Power
245
_a
Electrical Power II
260
_b
Shasikant Prakashan
_a
Bombay
_c
1968
082
_a
621.3
_b
DUT
300
_a
264
546
_a
ENGLISH
999
_c
27823
_d
27823